000 00273nam a2200109Ia 4500
008 200302s9999 xx 000 0 und d
100 _aRichard Fellows
245 _aEdwardin Civic Building And Their Details
260 _bArchitectural Press
260 _c1999
300 _a129
999 _c4666
_d4666